Statistics for Countries Closest to Taiwan - One Minute Sprint

Click here to take the quiz!

General Stats

  • This quiz has been taken 66 times
  • The average score is 15 of 20

Answer Stats

kmcountrymiles% Correct
4China3
100%
107Japan67
95%
156Philippines97
93%
1088Vietnam676
93%
2033Indonesia1263
91%
1444Laos897
89%
990South Korea615
88%
1734Thailand1077
86%
1606Cambodia998
84%
1439North Korea894
84%
1664Malaysia1034
80%
1774Myanmar1102
77%
2069Russia1296
73%
2195Mongolia1364
66%
2115India1314
64%
1977Brunei1228
61%
2599Bangladesh1615
54%
2628Bhutan1633
45%
2116Palau1315
45%
2241Micronesia1392
34%

Score Distribution

Percentile by Number Answered

Percent of People with Each Score

Your Score History

You have not taken this quiz